000 00433nam a2200145Ia 4500
008 200619s9999 xx 000 0 und d
020 _a8177132199
082 _a342.085CHA
100 _aChandrappa Dushyantha M.
245 0 _aHandi Jogi (Karnataka Nomadic Community Studies -5)
264 _aBangalore
_bKannada Pustaka Pradhikara
_c2008
300 _a122
942 _cIR
999 _c120069
_d120069